Κατάλογος Βιβλιοθηκών Mediterranean College

ACSM's Resources for the Group Exercise Instructor / Second Edition (Record no. 9692)

MARC details
000 -LEADER
fixed length control field 01658cam a22002054a 4500
005 - ΗΜΕΡΟΜΗΝΙΑ ΚΑΙ ΩΡΑ ΤΕΛΕΥΤΑΙΑΣ ΕΝΗΜΕΡΩΣΗΣ
Πεδίο ελέγχου 20250605164407.0
008 - FIXED-LENGTH DATA ELEMENTS--GENERAL INFORMATION
Πεδίο ελέγχου σταθερού μήκους 250528s ||||||||||||||||||||||||d
035 ## - SYSTEM CONTROL NUMBER
System control number 24855
040 ## - ΠΗΓΗ ΚΑΤΑΛΟΓΟΓΡΑΦΗΣΗΣ
Φορέας πρωτότυπης καταλογογράφησης MC Athens Campus Library
Γλώσσα καταλογογράφησης Ελληνικά, Μοντέρνα (1453-)
Modifying agency MC Athens Campus Library
Κανόνες περιγραφικής καταλογογράφησης AACR2
245 1# - ΤΙΤΛΟΣ ΚΑΙ ΔΗΛΩΣΗ ΥΠΕΥΘΥΝΟΤΗΤΑΣ
Τίτλος ACSM's Resources for the Group Exercise Instructor / Second Edition
250 ## - EDITION STATEMENT
Edition statement 2nd
260 ## - PUBLICATION, DISTRIBUTION, ETC.
Name of publisher, distributor, etc. Wolters Kluwer,
Date of publication, distribution, etc. 2023
300 ## - PHYSICAL DESCRIPTION
Extent 276
520 ## - SUMMARY, ETC.
Summary, etc. Preface, Acknowledgements, Introduction to Group Exercise, Profile of a Group Exercise Instructor: Education and Credentials and Opportunities, Class Design, Getting Started: Questions to Ask, Group Exercise Class Formats and Exercise Selection, Exercise Intensity and Modifications, The Role of Music and Choreography, Virtual Group Exercise Classes, Leadership, Group Dynamics and Group Cohesion, Behavioral Aspects of Instruction for Adherence and Motivation, Nutrition Guidelines for Group Exercise Instructors, Instruction, Preclass Procedures, Instructional Principles of Communication and Cueing, Guidelines for Special Conditions, Professional Responsibilities, Professional Responsibilities and Legal Aspects of Group Exercise Instruction, Historical and Future Perspectives of Group Exercise, History and Benefits of Group Exercise, and How to Advanced as a Health and Fitness Professional, Cross Check System, ACM Certified Group Exercise Instructor Domains and Job Tasks, Sample Job Description, Sample Group Fitness Instructor Technical Evaluation, Effects of Various Temperatures on Human Performance, Appendices, Index.
700 1# - ΠΡΟΣΘΕΤΗ ΑΝΑΓΡΑΦΗ--ΦΥΣΙΚΟ ΠΡΟΣΩΠΟ
Personal name Bladen Teri L.
9 (RLIN) 9596
700 1# - ΠΡΟΣΘΕΤΗ ΑΝΑΓΡΑΦΗ--ΦΥΣΙΚΟ ΠΡΟΣΩΠΟ
Personal name Stenger Leslie A
9 (RLIN) 9597
942 ## - ADDED ENTRY ELEMENTS (KOHA)
Koha item type Books
Holdings
Τύπος τεκμηρίου Βιβλιοθήκη Τρέχουσα τοποθεσία Barcode Αριθμός εισαγωγής Ημερομηνία απόκτησης Ταξιθετικό σύμβολο Αριθμός αντιτύπου Κατάσταση απόσυρσης Κατάσταση χαμένου Κατάσταση κατεστραμμένου Μη δανεισμός Σύνολο δανεισμών Ημερομηνία τελευταίας εμφάνισης Η τιμή ισχύει από
Books MC Athens Campus Library MC Athens Campus Library 9780000096913 7791 05/06/2025 613.7 STE 1           05/06/2025 05/06/2025

MC Athens Campus Library
Πατησίων 94 & Κοδριγκτώνος 13, 104 34
Πελλήνης 8 & Πατησίων 107, 112 51
Τ: +30 210 8899600

MC Thessaloniki Campus Library
Ίωνος Δραγούμη 21, 54625 | Ίωνος Δραγούμη 15, 54625
Τ: +30 2310 287779 – Τ: +30 2314 440300